載入...
Contemporary Issues in Management Research
| LEADER | 00838nam a22001577a 4500 | ||
|---|---|---|---|
| 020 | |a 978-81-7446-709-6 | ||
| 082 | |a 658.0072 |b JAW/C | ||
| 100 | |a P. David Jawahar |9 170731 | ||
| 245 | |a Contemporary Issues in Management Research | ||
| 260 | |a New Delhi |b Excel Books |c 2009 | ||
| 300 | |a vi+318p. | ||
| 650 | |a Contemporary Issues in Management Research |9 170732 | ||
| 856 | |u https://books.google.co.in/books?id=QzKw4KZ9OOYC&pg=PR7&dq=Contemporary+Issues+in+Management+Research+-+P.+David+Jawahar&hl=en&sa=X&ved=0CB0Q6wEwAGoVChMI9KfBsdjrxgIVRiaUCh2wLAvk#v=onepage&q=Contemporary%20Issues%20in%20Management%20Research%20-%20P.%20David%20Jawahar&f=false | ||
| 942 | |c BBK | ||
| 999 | |c 188564 |d 188560 | ||
| 952 | |0 0 |1 0 |4 0 |6 658_007200000000000_JAW_C |7 0 |8 NFIC |9 188482 |a SMBS |b SMBS |c GEN |d 2015-07-21 |g 495.00 |l 0 |o 658.0072 JAW/C |p SMBSS974 |r 2015-07-21 |w 2015-07-21 |y BBK | ||